000 00464cam a2200181ua 4500
020 _c12.00
041 _aeng
_h
082 _a339.2
_bTIT/ IN
100 _aTitmuss, Richard M .
245 _aIncome distribution and social change /
_cM Richard Titmuss.
_hTextual Documents
250 _a1 /
_b.
260 _aLondon :
_bGeorge Allen & Unwin Ltd ,
_c1963.
300 _a239 ; .
365 _a12.00
504 _a
942 _cBK
999 _c2086
_d2086